000 01129nam a2200325 a 4500
001 vtls001618476
003 NLI
005 20210628134005.0
008 121214s1911 ii 000 0 hin
020 _cRe. 0.10
039 9 _y201212141930
_zVLOAD
040 _aNLI
_bhineng
_cDatasoft_Hindi
_eAACR2
041 0 _ahin
044 _a ii
084 0 4 _a181
245 0 0 _6880-02
_aजैनधर्म का महत्व /
_cसम्पादक सूरजमलजी
260 _aबम्बई :
_bबम्बई वैभव स्टिम प्रेस,
_c1911
300 _a199 p. ;
_c18 cm.
650 0 _aJainism
_xHistory
_9785243
651 0 _aIndia
_xHistory
700 0 _6880-03
_aसूरजमलजी,
_4संपा
880 0 0 _6245-02(B
_aJainadharma kā mahatva /
_cedited by Sūrajamalajī
880 _6700-03(B
_aSūrajamalajī
_4edt
887 _a Rajani Kumari(21.03.2012/Sujit)
901 _aOHI29
_b08.04.1933
902 _a181 Lc 9119
904 _cRajani Kumari(21.03.2012/Sujit)
_lD 3208
949 _AVIRTUAITEM
_D10000
_X100
_6OHI000000029HIN
942 _2ddc
_cBKS
999 _aVIRTUA40
_c1069681
_d1069681